000 00537nam a2200205Ia 4500
003 OSt
005 20221002055032.0
006 a|||||r|||| 00| 0
007 ta
008 220930b |||||||| |||| 00| 0 eng d
024 _a71584
037 _cReference Collections
040 _aCRL
_cCRL
_beng
041 _2eng
_aeng
082 _aQ2:44a, L3(RR)
100 _aStrernbach Ludwik
_9576634
245 0 _aBibliography
942 _hQ2:44a, L3(RR)
_cref
_2CC
999 _c926534
_d926534